000 01150nam a2200361 a 4500
001 000108735
003 CHAP
005 20220329144023.0
008 140307s2013 it a |r| |||||||eng d
010 _a105197
011 _a106169
020 _a9789251074701
040 _cCHAP
090 _aFolleto 18397y
245 1 0 _aAdvancing agroforestry on the policy agenda :
_ba guide for decision-makers /
_cGérard Buttoud, Frank Place y Michelle authier.
260 _aRoma :
_bFAO,
_c2013.
300 _ax, 36 p. :
_bil.
490 1 _aAgroforestry working papaer
_v; 1
590 _aE5995AHE
_b05
_c20140307
_lUCH01
_h0948
590 _aE5995AHE
_b05
_c20140307
_lUCH01
_h0954
590 _aE5995AHE
_b05
_c20140307
_lUCH01
_h1015
590 _aE5995AHE
_b05
_c20140307
_lUCH01
_h1114
650 1 4 _aAgroforestería.
_92156
650 1 4 _aPolítica forestal.
_990563
650 1 4 _aToma de decisiones.
_9113662
700 1 _aButtoud, Gérard
_9125780
700 1 _aGauthier, Michelle
_e, ed.
_9125782
700 1 _aPlace, Frank
_e, ed.
_9125781
830 0 _aAgroforestry working papaer
_v; 1
_9125783
901 _aBK
942 _cFOLL
942 _n0
999 _c105197
_d105197